| 000 | 00684nam a2200241Ia 4500 | ||
|---|---|---|---|
| 003 | OSt | ||
| 005 | 20221005093237.0 | ||
| 006 | a|||||r|||| 00| 0 | ||
| 007 | ta | ||
| 008 | 221004b |||||||| |||| 00| 0 eng d | ||
| 024 | _a121743 | ||
| 037 |
_bGift, 06/10/2012, _cTextual |
||
| 040 |
_aCRL _cCRL _beng |
||
| 041 |
_2eng _aeng |
||
| 082 | _aV58:1:N5, K1 | ||
| 100 |
_aBlack Gyril E. Ed. _9618241 |
||
| 245 | 0 | _aRussia on the eva of war and revolution | |
| 260 |
_aNew York _bVintage Books U.S.A _c1961 |
||
| 300 |
_a528p. _ccm. |
||
| 650 | _aHISTORY | ||
| 942 |
_hV58:1:N5, K1 _cTEXL _2cc |
||
| 999 |
_c1000050 _d1000050 |
||